000 00497nam a2200181Ia 4500
008 151018s9999 xx 000 0 und d
082 _bRBASDV9997
_a891.468
100 _aपु भा भावे
245 _aस्मरणी
250 _b1
260 _bविश्वमोहिनी
_c1974
300 _a146
600 _aपु भा भावे
630 _aस्मरणी
700 _aपु भा भावे
730 _aस्मरणी
942 _cBOOK
999 _c1012359
_d1012356